Т. 2; Английские материалисты XVIII в.

Bibliographic Details
Parent link:Английские материалисты XVIII в.: собрание произведений в 3 т./ Академия наук СССР (АН СССР), Институт философии (ИФ) ; гл. ред. Б. В. Мееровский. Т. 2.— , 1967-1968
Language:Russian
Published: 1967
Subjects:
Format: Book
KOHA link:https://koha.lib.tpu.ru/cgi-bin/koha/opac-detail.pl?biblionumber=19871

MARC

LEADER 00000nam0a2200000 4500
001 19871
005 20231101205320.0
035 |a (RuTPU)RU\TPU\book\20041 
035 |a BOOK00020111 
090 |a 19871 
100 |a 20011209d1967 k y0rusy50 ca 
101 1 |a rus  |c eng 
102 |a RU 
105 |a с z 001zd 
200 0 |a Т. 2 
210 |d 1967 
215 |a 405 с.  |c портр. 
320 |a Вспомогательные указатели: с. 393-402 
461 |t Английские материалисты XVIII в.  |o собрание произведений в 3 т.  |o пер. с англ.  |v Т. 2  |f Академия наук СССР (АН СССР), Институт философии (ИФ) ; гл. ред. Б. В. Мееровский  |d 1967-1968  |s Философское наследие 
600 1 |a Коллинз  |b А.  |c английский философ-материалист  |f 1676-1729  |g Антони  |2 stltpush  |3 (RuTPU)RU\TPU\pers\14032 
606 1 |a Английская философия  |2 stltpush  |3 (RuTPU)RU\TPU\subj\29044  |9 52456 
610 1 |a философия 
610 1 |a 18 век 
610 1 |a материалисты 
610 1 |a история 
610 1 |a человек 
610 1 |a свобода 
610 1 |a антропология 
686 |a Ю3(4Вл)  |v LBC/SL-A  |2 rubbk 
801 0 |a RU  |b 63413507  |c 20011209  |g PSBO 
801 2 |a RU  |b 63413507  |c 20160226  |g PSBO 
942 |c BK